[Event "SB-2018-0-00537"]
[Site "LSS email"]
[Date "2018.06.30"]
[Round "?"]
[White "Koehler, Josef"]
[Black "Pilgram, Kurt"]
[Result "1/2-1/2"]
[WhiteElo "2117"]
[BlackElo "2124"]
[PlyCount "48"]
[EventDate "2018.05.28"]
[EventType "tourn (corr)"]
[EventRounds "6"]
[EventCountry "GER"]
[SourceTitle "Corr 2022"]
[Source "ChessBase"]
[SourceDate "2021.10.24"]
[SourceVersion "1"]
[SourceVersionDate "2021.10.24"]
[SourceQuality "1"]

1. Nf3 Nf6 2. g3 d5 3. Bg2 e6 4. c4 dxc4 5. Qa4+ Bd7 6. Qxc4 c5 7. Ne5 Qc8 8. 0-0 Nc6 9. Nxd7 Qxd7 10. Nc3 Rc8 11. Rd1 Be7 12. e3 0-0 13. Qf1 a6 14. b3 b5 15. a3 Rcd8 16. Rb1 e5 17. Qe2 Qe6 18. d3 g6 19. Ne4 Nxe4 20. Bxe4 Rc8 21. Bd2 Rfd8 22. b4 Bf8 23. Bg2 cxb4 24. axb4 Ne7 1/2-1/2

[Event "SA-2018-0-00634"]
[Site "LSS email"]
[Date "2018.06.07"]
[Round "?"]
[White "Koehler, Josef"]
[Black "Hillebrand, Carsten"]
[Result "0-1"]
[WhiteElo "2111"]
[BlackElo "2080"]
[PlyCount "41"]
[EventDate "2018.05.06"]
[EventType "tourn (corr)"]
[EventRounds "6"]
[EventCountry "GER"]
[SourceTitle "Corr 2022"]
[Source "ChessBase"]
[SourceDate "2021.10.24"]
[SourceVersion "1"]
[SourceVersionDate "2021.10.24"]
[SourceQuality "1"]

1. Nf3 c5 2. g3 g6 3. Bg2 Bg7 4. c4 Nc6 5. Nc3 e6 6. 0-0 Nge7 7. d3 0-0 8. Bd2 d5 9. a3 b6 10. Rb1 Bb7 11. b4 cxb4 12. axb4 dxc4 13. dxc4 Rc8 14. c5 bxc5 15. bxc5 Na5 16. Na4 Be4 17. Rb4 Bc6 18. e4 Qd7 19. Qc2 Bb5 20. Re1 Bd3 21. Qa2 0-1

[Event "WC-2018-P-00008"]
[Site "LSS email"]
[Date "2018.01.22"]
[Round "?"]
[White "Koehler, Josef"]
[Black "Panov, Serg"]
[Result "1/2-1/2"]
[WhiteElo "2077"]
[BlackElo "2313"]
[PlyCount "42"]
[EventDate "2018.02.01"]
[EventType "tourn (corr)"]
[EventRounds "12"]
[EventCountry "GER"]
[SourceTitle "Corr 2022"]
[Source "ChessBase"]
[SourceDate "2021.10.24"]
[SourceVersion "1"]
[SourceVersionDate "2021.10.24"]
[SourceQuality "1"]

1. Nf3 Nf6 2. g3 g6 3. Bg2 Bg7 4. c4 0-0 5. d4 d6 6. 0-0 Nc6 7. Nc3 a6 8. d5 Na5 9. Nd2 c5 10. Qc2 Rb8 11. b3 b5 12. Bb2 e5 13. Rae1 bxc4 14. bxc4 Nh5 15. Nd1 Bd7 16. e4 f5 17. exf5 Bxf5 18. Be4 Bh3 19. Bg2 Bf5 20. Be4 Bh3 21. Bg2 Bf5 1/2-1/2

[Event "WC-2018-P-00008"]
[Site "LSS email"]
[Date "2018.01.22"]
[Round "?"]
[White "Koehler, Josef"]
[Black "Pocivavsek, Darko"]
[Result "1/2-1/2"]
[WhiteElo "2077"]
[BlackElo "2053"]
[PlyCount "103"]
[EventDate "2018.02.01"]
[EventType "tourn (corr)"]
[EventRounds "12"]
[EventCountry "GER"]
[SourceTitle "Corr 2022"]
[Source "ChessBase"]
[SourceDate "2021.10.24"]
[SourceVersion "1"]
[SourceVersionDate "2021.10.24"]
[SourceQuality "1"]

1. Nf3 c5 2. g3 g6 3. Bg2 Bg7 4. c4 Nc6 5. Nc3 e6 6. 0-0 Nge7 7. d3 d6 8. Bd2 0-0 9. a3 b6 10. Rb1 Bb7 11. b4 Qd7 12. e3 Rad8 13. Qc2 Ne5 14. Nxe5 Bxe5 15. Bxb7 Qxb7 16. bxc5 dxc5 17. Ne4 Qd7 18. Bc3 Bxc3 19. Qxc3 Qxd3 20. Nf6+ Kh8 21. Qb2 e5 22. Qxe5 Ng8 23. Rfd1 Qxd1+ 24. Rxd1 Rxd1+ 25. Kg2 Nxf6 26. Qxf6+ Kg8 27. Qe7 Ra8 28. g4 Rd3 29. a4 Rc3 30. Qe5 Rd3 31. h4 Rad8 32. h5 gxh5 33. Qg5+ Kf8 34. Qxh5 Kg8 35. Qg5+ Kf8 36. Qe5 Ra3 37. Qh8+ Ke7 38. Qxh7 Rxa4 39. Qh4+ Ke8 40. Qh8+ Ke7 41. Qe5+ Kf8 42. g5 Ra3 43. Qh8+ Ke7 44. Qb2 Rdd3 45. Qf6+ Ke8 46. Kf3 Rd4 47. Qh8+ Ke7 48. Qb8 Rd2 49. Qe5+ Kd7 50. Qf5+ Ke8 51. Kg4 Rd7 52. Qe5+ 1/2-1/2

[Event "WC-2018-P-00008"]
[Site "LSS email"]
[Date "2018.01.22"]
[Round "?"]
[White "Panov, Serg"]
[Black "Koehler, Josef"]
[Result "1/2-1/2"]
[WhiteElo "2313"]
[BlackElo "2077"]
[PlyCount "43"]
[EventDate "2018.02.01"]
[EventType "tourn (corr)"]
[EventRounds "12"]
[EventCountry "GER"]
[SourceTitle "Corr 2022"]
[Source "ChessBase"]
[SourceDate "2021.10.24"]
[SourceVersion "1"]
[SourceVersionDate "2021.10.24"]
[SourceQuality "1"]

1. Nf3 Nf6 2. c4 e6 3. Nc3 c5 4. g3 b6 5. Bg2 Bb7 6. 0-0 Be7 7. Re1 d5 8. cxd5 Nxd5 9. e4 Nb4 10. d4 cxd4 11. Nxd4 N8c6 12. Nxc6 Qxd1 13. Rxd1 Bxc6 14. a3 Nc2 15. Ra2 Rd8 16. Rxd8+ Bxd8 17. b4 Ne1 18. Bf1 Bf6 19. Bb5 Kd7 20. Bd2 Nf3+ 21. Kg2 Nd4 22. Bxc6+ 1/2-1/2

[Event "SA-2017-0-00605"]
[Site "LSS email"]
[Date "2017.11.05"]
[Round "?"]
[White "Rheinstaedtler, Klaus"]
[Black "Koehler, Josef"]
[Result "1/2-1/2"]
[WhiteElo "2200"]
[BlackElo "2088"]
[PlyCount "75"]
[EventDate "2017.10.16"]
[EventType "tourn (corr)"]
[EventRounds "6"]
[EventCountry "GER"]
[SourceTitle "Corr 2022"]
[Source "ChessBase"]
[SourceDate "2021.10.24"]
[SourceVersion "1"]
[SourceVersionDate "2021.10.24"]
[SourceQuality "1"]

1. e4 c6 2. d4 d5 3. e5 Bf5 4. Nf3 e6 5. Be2 Ne7 6. 0-0 Nd7 7. c3 h6 8. Nbd2 Bh7 9. b4 a5 10. Nb3 a4 11. Nc5 Nxc5 12. bxc5 Nc8 13. Ne1 b6 14. cxb6 Nxb6 15. f4 Be7 16. Bd3 Be4 17. Bxe4 dxe4 18. Qe2 c5 19. Qxe4 Qd5 20. Qd3 cxd4 21. cxd4 0-0 22. Nf3 Qc4 23. Qxc4 Nxc4 24. g4 Nb6 25. f5 Nd7 26. f6 gxf6 27. Bxh6 Rfc8 28. exf6 Bxf6 29. Rac1 Nb6 30. Rxc8+ Rxc8 31. Rc1 Ra8 32. Kf2 Nd5 33. h4 a3 34. Rc2 Ra4 35. h5 Bxd4+ 36. Nxd4 Rxd4 37. Kg3 Nf6 38. Bf4 1/2-1/2

[Event "CP-2017-P-00034"]
[Site "LSS email"]
[Date "2017.09.27"]
[Round "?"]
[White "Koehler, Josef"]
[Black "Mostowik, Pawel"]
[Result "1-0"]
[WhiteElo "2071"]
[BlackElo "1853"]
[PlyCount "85"]
[EventDate "2017.10.01"]
[EventType "tourn (corr)"]
[EventRounds "6"]
[EventCountry "GER"]
[SourceTitle "Corr 2022"]
[Source "ChessBase"]
[SourceDate "2021.10.24"]
[SourceVersion "1"]
[SourceVersionDate "2021.10.24"]
[SourceQuality "1"]

1. Nf3 d5 2. g3 Nf6 3. Bg2 c6 4. 0-0 Bg4 5. d3 e6 6. c4 Nbd7 7. cxd5 exd5 8. Nc3 Be7 9. h3 Bxf3 10. Bxf3 0-0 11. e4 dxe4 12. dxe4 Re8 13. Qc2 Bb4 14. Bg2 Bxc3 15. bxc3 Nc5 16. f3 Nfd7 17. Bf4 Ne5 18. Rad1 Qa5 19. Be3 Nc4 20. Bf2 h6 21. Rfe1 Rad8 22. Bf1 Nb6 23. h4 Nca4 24. c4 Nc5 25. e5 Rd7 26. f4 Ne6 27. Rxd7 Nxd7 28. Rd1 Re7 29. Rd6 Ndf8 30. c5 h5 31. f5 Nc7 32. Qb2 Ne8 33. e6 fxe6 34. Bc4 Kh8 35. Qe2 Qc7 36. Qxh5+ Nh7 37. fxe6 Nef6 38. Qf5 Ne8 39. Rd1 Nef6 40. h5 Ng8 41. Kg2 Nh6 42. Qb1 Qc8 43. Qg6 1-0

[Event "RB-2017-0-00345"]
[Site "LSS email"]
[Date "2017.08.22"]
[Round "?"]
[White "Koehler, Josef"]
[Black "Reppert, Victor"]
[Result "1/2-1/2"]
[WhiteElo "2050"]
[BlackElo "1951"]
[PlyCount "50"]
[EventDate "2017.07.05"]
[EventType "tourn (corr)"]
[EventRounds "6"]
[EventCountry "GER"]
[SourceTitle "Corr 2022"]
[Source "ChessBase"]
[SourceDate "2021.10.24"]
[SourceVersion "1"]
[SourceVersionDate "2021.10.24"]
[SourceQuality "1"]

1. Nf3 g6 2. g3 Bg7 3. d4 Nf6 4. c4 0-0 5. Bg2 c5 6. 0-0 cxd4 7. Nxd4 Nc6 8. Nc3 Qa5 9. Nb3 Qh5 10. e4 d6 11. Qxh5 Nxh5 12. c5 dxc5 13. Nxc5 Rb8 14. Rd1 b6 15. Nb3 Bb7 16. a4 Rfd8 17. Be3 Ne5 18. Rxd8+ Rxd8 19. a5 Nc4 20. axb6 axb6 21. Bc1 Bxc3 22. bxc3 Rd1+ 23. Bf1 Bxe4 24. Bg5 Rxa1 25. Nxa1 Ne5 1/2-1/2

[Event "RA-2017-0-00527"]
[Site "LSS email"]
[Date "2017.07.12"]
[Round "?"]
[White "Koehler, Josef"]
[Black "Muniz Pardino, Alberto"]
[Result "1/2-1/2"]
[WhiteElo "2073"]
[BlackElo "2239"]
[PlyCount "76"]
[EventDate "2017.06.18"]
[EventType "tourn (corr)"]
[EventRounds "6"]
[EventCountry "GER"]
[SourceTitle "Corr 2022"]
[Source "ChessBase"]
[SourceDate "2021.10.24"]
[SourceVersion "1"]
[SourceVersionDate "2021.10.24"]
[SourceQuality "1"]

1. Nf3 d5 2. g3 g6 3. Bg2 Bg7 4. d4 Nf6 5. 0-0 0-0 6. c4 c6 7. Qb3 Qb6 8. Nc3 Bf5 9. Ne5 Be6 10. Na4 Qxb3 11. axb3 Nfd7 12. cxd5 Bxd5 13. Bxd5 cxd5 14. Nxd7 Nxd7 15. Be3 Rfc8 16. Rfc1 a6 17. b4 Rc4 18. Rxc4 dxc4 19. Nc3 e6 20. b5 f5 21. Ra4 Nb6 22. Ra5 Kf7 23. bxa6 bxa6 24. Nd1 Bf8 25. Bd2 Bg7 26. Bc3 Rd8 27. e3 e5 28. Rxa6 exd4 29. Ra7+ Kg8 30. exd4 Bxd4 31. Ne3 Bxc3 32. bxc3 Rd3 33. Ra3 Kf7 34. Kf1 Ke6 35. Ke2 f4 36. gxf4 Nd5 37. Ra6+ Kd7 38. Ra7+ Ke6 1/2-1/2

[Event "WC-2017-S-00008"]
[Site "LSS email"]
[Date "2017.05.17"]
[Round "?"]
[White "Billio, Maria"]
[Black "Koehler, Josef"]
[Result "1/2-1/2"]
[WhiteElo "2062"]
[BlackElo "2064"]
[PlyCount "45"]
[EventDate "2017.06.01"]
[EventType "tourn (corr)"]
[EventRounds "12"]
[EventCountry "GER"]
[SourceTitle "Corr 2024"]
[Source "ChessBase"]
[SourceDate "2023.10.19"]
[SourceVersion "1"]
[SourceVersionDate "2023.10.19"]
[SourceQuality "1"]

1. d4 Nf6 2. Nf3 d5 3. g3 e6 4. Bg2 Be7 5. 0-0 0-0 6. c4 dxc4 7. Qc2 a6 8. a4 Bd7 9. Ne5 Bc6 10. Nxc6 Nxc6 11. e3 Na5 12. Nd2 c5 13. dxc5 Rc8 14. b4 cxb3 15. Nxb3 Nxb3 16. Qxb3 Nd7 17. c6 bxc6 18. Bb2 a5 19. Rfc1 Rb8 20. Qc2 Bf6 21. Bxf6 Qxf6 22. Rab1 Ne5 23. h3 1/2-1/2

[Event "WC-2017-S-00008"]
[Site "LSS email"]
[Date "2017.05.17"]
[Round "?"]
[White "Koehler, Josef"]
[Black "Garcia, Manuel"]
[Result "1/2-1/2"]
[WhiteElo "2064"]
[BlackElo "2027"]
[PlyCount "36"]
[EventDate "2017.06.01"]
[EventType "tourn (corr)"]
[EventRounds "12"]
[EventCountry "GER"]
[SourceTitle "Corr 2024"]
[Source "ChessBase"]
[SourceDate "2023.10.19"]
[SourceVersion "1"]
[SourceVersionDate "2023.10.19"]
[SourceQuality "1"]

1. Nf3 Nf6 2. g3 g6 3. Bg2 Bg7 4. c4 c5 5. d4 cxd4 6. Nxd4 0-0 7. Nc3 Nc6 8. 0-0 Nxd4 9. Qxd4 d6 10. Qd3 a6 11. Bd2 Bf5 12. e4 Bd7 13. b3 Rb8 14. Rac1 b5 15. Rfd1 bxc4 16. Qxc4 Qb6 17. h3 Rfc8 18. Qe2 h5 1/2-1/2

[Event "WC-2017-S-00008"]
[Site "LSS email"]
[Date "2017.05.17"]
[Round "?"]
[White "Koehler, Josef"]
[Black "Hillebrand, Carsten"]
[Result "1/2-1/2"]
[WhiteElo "2064"]
[BlackElo "2024"]
[PlyCount "40"]
[EventDate "2017.06.01"]
[EventType "tourn (corr)"]
[EventRounds "12"]
[EventCountry "GER"]
[SourceTitle "Corr 2024"]
[Source "ChessBase"]
[SourceDate "2023.10.19"]
[SourceVersion "1"]
[SourceVersionDate "2023.10.19"]
[SourceQuality "1"]

1. Nf3 c5 2. g3 Nc6 3. Bg2 g6 4. 0-0 Bg7 5. c4 e6 6. Nc3 Nge7 7. d3 0-0 8. Bd2 d5 9. a3 b6 10. Rb1 Bb7 11. b4 cxb4 12. axb4 dxc4 13. dxc4 Rc8 14. c5 bxc5 15. bxc5 Na5 16. Nb5 Rxc5 17. Qa4 Nec6 18. Be3 Rc4 19. Qa3 Ba6 20. h3 Bxb5 1/2-1/2

[Event "WC-2017-S-00008"]
[Site "LSS email"]
[Date "2017.05.17"]
[Round "?"]
[White "Koehler, Josef"]
[Black "Luers, Lavas"]
[Result "1/2-1/2"]
[WhiteElo "2064"]
[BlackElo "2069"]
[PlyCount "82"]
[EventDate "2017.06.01"]
[EventType "tourn (corr)"]
[EventRounds "12"]
[EventCountry "GER"]
[SourceTitle "Corr 2024"]
[Source "ChessBase"]
[SourceDate "2023.10.19"]
[SourceVersion "1"]
[SourceVersionDate "2023.10.19"]
[SourceQuality "1"]

1. Nf3 Nf6 2. g3 d5 3. Bg2 c6 4. 0-0 Bg4 5. d3 Nbd7 6. Nbd2 e5 7. e4 dxe4 8. dxe4 Bc5 9. h3 Bh5 10. Qe1 0-0 11. Nc4 Re8 12. a4 b5 13. Na5 Qc7 14. Nh4 Bb6 15. Nb3 a6 16. Be3 c5 17. Nf5 c4 18. Bxb6 Nxb6 19. Na5 Nxa4 20. Nxc4 Qxc4 21. b3 Qxc2 22. bxa4 bxa4 23. Qa5 Be2 24. Rfc1 Qd3 25. Qxa4 Rad8 26. Rc7 Rd7 27. Rc6 h5 28. Qb4 Qd2 29. Qb6 Nh7 30. Rac1 Ng5 31. R6c2 Qd3 32. Rc8 Red8 33. Kh2 h4 34. Nxh4 Qd4 35. Qb8 Kh7 36. R1c2 Bb5 37. Rxd8 Rxd8 38. Qc7 Rd7 39. Qb8 Rd8 40. Qc7 Rd7 41. Qb8 Rd8 1/2-1/2

[Event "WC-2017-S-00008"]
[Site "LSS email"]
[Date "2017.05.17"]
[Round "?"]
[White "Koehler, Josef"]
[Black "Nowak, Ireneusz"]
[Result "1/2-1/2"]
[WhiteElo "2064"]
[BlackElo "2057"]
[PlyCount "66"]
[EventDate "2017.06.01"]
[EventType "tourn (corr)"]
[EventRounds "12"]
[EventCountry "GER"]
[SourceTitle "Corr 2024"]
[Source "ChessBase"]
[SourceDate "2023.10.19"]
[SourceVersion "1"]
[SourceVersionDate "2023.10.19"]
[SourceQuality "1"]

1. Nf3 Nf6 2. g3 d5 3. Bg2 c6 4. 0-0 Bf5 5. d3 e6 6. c4 dxc4 7. dxc4 Qxd1 8. Rxd1 Nbd7 9. Nc3 h6 10. b3 Be7 11. Ne1 g5 12. Nd3 Ng4 13. Bb2 0-0-0 14. h3 Nge5 15. Nxe5 Nxe5 16. Kf1 Nd7 17. Ne4 Bxe4 18. Bxe4 Bf6 19. Bxf6 Nxf6 20. Bc2 h5 21. f3 Rxd1+ 22. Rxd1 h4 23. g4 Kc7 24. Kf2 b5 25. cxb5 cxb5 26. b4 Rd8 27. Rxd8 Kxd8 28. Bb3 Ke7 29. Ke3 Nd7 30. f4 f6 31. Ke4 Nb8 32. a3 Nc6 33. e3 Kd6 1/2-1/2

[Event "WC-2017-S-00008"]
[Site "LSS email"]
[Date "2017.05.17"]
[Round "?"]
[White "Koehler, Josef"]
[Black "Zimmermann, Matthias"]
[Result "1/2-1/2"]
[WhiteElo "2064"]
[BlackElo "2076"]
[PlyCount "52"]
[EventDate "2017.06.01"]
[EventType "tourn (corr)"]
[EventRounds "12"]
[EventCountry "GER"]
[SourceTitle "Corr 2024"]
[Source "ChessBase"]
[SourceDate "2023.10.19"]
[SourceVersion "1"]
[SourceVersionDate "2023.10.19"]
[SourceQuality "1"]

1. Nf3 Nf6 2. g3 c5 3. c4 g6 4. d4 Bg7 5. Bg2 0-0 6. 0-0 cxd4 7. Nxd4 Nc6 8. Nc3 Qa5 9. Nb3 Qh5 10. e4 d6 11. Qxh5 Nxh5 12. c5 dxc5 13. Nxc5 Rb8 14. Rd1 b6 15. Nd7 Bxd7 16. Rxd7 Rfd8 17. Rc7 Rbc8 18. Rxc8 Rxc8 19. Bd2 Rd8 20. Be1 Nb4 21. Rc1 Bxc3 22. Rxc3 Rd1 23. Kf1 Nd3 24. Ke2 Rxe1+ 25. Kxd3 Nf6 26. Bf3 e5 1/2-1/2

[Event "WC-2017-S-00008"]
[Site "LSS email"]
[Date "2017.05.17"]
[Round "?"]
[White "Sukhanov, Sergey"]
[Black "Koehler, Josef"]
[Result "1-0"]
[WhiteElo "2102"]
[BlackElo "2064"]
[PlyCount "113"]
[EventDate "2017.06.01"]
[EventType "tourn (corr)"]
[EventRounds "12"]
[EventCountry "GER"]
[SourceTitle "Corr 2024"]
[Source "ChessBase"]
[SourceDate "2023.10.19"]
[SourceVersion "1"]
[SourceVersionDate "2023.10.19"]
[SourceQuality "1"]

1. e4 c6 2. d4 d5 3. e5 Bf5 4. h4 h5 5. Bg5 Qb6 6. Bd3 Bxd3 7. Qxd3 e6 8. Nd2 Qa6 9. c4 Bb4 10. b3 Ne7 11. Ngf3 Nf5 12. 0-0 0-0 13. Qc2 Re8 14. Rac1 Nd7 15. Rfd1 Bf8 16. Bf4 Rac8 17. a4 g6 18. Nf1 Ba3 19. Ra1 Be7 20. Ne3 Nf8 21. g3 Nxe3 22. fxe3 c5 23. Rdc1 Nd7 24. a5 cxd4 25. exd4 Nb8 26. Be3 Nc6 27. Qf2 Nb4 28. Rf1 dxc4 29. bxc4 Nd3 30. Qe2 Nb4 31. Nd2 Rf8 32. g4 hxg4 33. h5 Nc2 34. hxg6 fxg6 35. Qd3 Nxe3 36. Qxg6+ Kh8 37. Qh6+ Kg8 38. Qxe3 Rxf1+ 39. Kxf1 Kf7 40. Qf4+ Ke8 41. Qxg4 Kd8 42. Rb1 Bf8 43. Qg8 Kc7 44. Qh7+ Kb8 45. Ke2 Ba3 46. Kd3 Rd8 47. Ke3 Qc6 48. Nf3 a6 49. Qe4 Qd7 50. c5 Ka7 51. Ke2 Rc8 52. Kf2 Rb8 53. Rb6 Qa4 54. Qb1 Qxa5 55. Qc2 Rf8 56. Rxe6 Bb4 57. Rf6 1-0

[Event "SA-2017-0-00569"]
[Site "LSS email"]
[Date "2017.03.16"]
[Round "?"]
[White "Koehler, Josef"]
[Black "Schubert, Steffen"]
[Result "1-0"]
[WhiteElo "2047"]
[BlackElo "1963"]
[PlyCount "69"]
[EventDate "2017.02.06"]
[EventType "tourn (corr)"]
[EventRounds "6"]
[EventCountry "GER"]
[SourceTitle "Corr 2022"]
[Source "ChessBase"]
[SourceDate "2021.10.24"]
[SourceVersion "1"]
[SourceVersionDate "2021.10.24"]
[SourceQuality "1"]

1. Nf3 Nf6 2. g3 d5 3. Bg2 c5 4. c4 d4 5. e3 Nc6 6. exd4 cxd4 7. b3 e5 8. 0-0 Bd6 9. Qe2 0-0 10. d3 h6 11. Nbd2 Bf5 12. Nh4 Bg4 13. Bf3 Bh3 14. Bg2 Bg4 15. Bf3 Be6 16. Ne4 Be7 17. Nxf6+ Bxf6 18. Ng2 Qd7 19. Bd2 Rfe8 20. Rae1 Be7 21. Be4 Nb4 22. a3 Nc2 23. Rc1 Nxa3 24. Ra1 Bg4 25. f3 Be6 26. g4 Nc2 27. Ra5 Nb4 28. Rxe5 Na2 29. Bxh6 Nc3 30. Qd2 Nxe4 31. fxe4 f6 32. Rh5 Bxg4 33. Rd5 Qc7 34. Nh4 gxh6 35. Qxh6 1-0

[Event "SA-2017-0-00569"]
[Site "LSS email"]
[Date "2017.03.15"]
[Round "?"]
[White "Celan, Melissa"]
[Black "Koehler, Josef"]
[Result "1-0"]
[WhiteElo "2096"]
[BlackElo "2047"]
[PlyCount "37"]
[EventDate "2017.02.06"]
[EventType "tourn (corr)"]
[EventRounds "6"]
[EventCountry "GER"]
[SourceTitle "Corr 2022"]
[Source "ChessBase"]
[SourceDate "2021.10.24"]
[SourceVersion "1"]
[SourceVersionDate "2021.10.24"]
[SourceQuality "1"]

1. d4 Nf6 2. Nf3 e6 3. g3 b5 4. Bg5 Bb7 5. Bg2 c5 6. c3 cxd4 7. Bxf6 Qxf6 8. cxd4 d5 9. 0-0 Qd8 10. e4 dxe4 11. Ne5 Be7 12. Nc3 Nd7 13. Bxe4 Bxe4 14. Nxe4 Nxe5 15. dxe5 0-0 16. Rc1 h6 17. Kg2 Qa5 18. Qd7 Rad8 19. Qxe7 1-0

[Event "RA-2017-0-00503"]
[Site "LSS email"]
[Date "2017.02.14"]
[Round "?"]
[White "Koehler, Josef"]
[Black "Koch, Christian"]
[Result "1/2-1/2"]
[WhiteElo "2050"]
[BlackElo "2271"]
[PlyCount "86"]
[EventDate "2017.01.20"]
[EventType "tourn (corr)"]
[EventRounds "6"]
[EventCountry "GER"]
[SourceTitle "Corr 2022"]
[Source "ChessBase"]
[SourceDate "2021.10.24"]
[SourceVersion "1"]
[SourceVersionDate "2021.10.24"]
[SourceQuality "1"]

1. Nf3 Nf6 2. g3 d5 3. Bg2 c6 4. 0-0 Bg4 5. d3 Nbd7 6. Nbd2 e5 7. e4 dxe4 8. dxe4 Bc5 9. h3 Bh5 10. Qe1 0-0 11. Nc4 Qe8 12. g4 Bg6 13. Nh4 Nb6 14. Na5 Qd7 15. b4 Be7 16. c4 c5 17. Nf5 cxb4 18. Bd2 Bxf5 19. exf5 e4 20. g5 Nh5 21. Rd1 Rfe8 22. Bxe4 Qc7 23. Qe2 Bc5 24. Qf3 Ng3 25. Bxb7 Rad8 26. Rfe1 Rxe1+ 27. Rxe1 Nxf5 28. Bf4 Qd7 29. Nb3 Nd4 30. Nxd4 Qxd4 31. Kg2 Qxc4 32. Bc7 Rf8 33. Qc6 Qd4 34. Re2 Nd7 35. Qe4 Qxe4+ 36. Rxe4 Nb6 37. Re5 Bd4 38. Re2 Bc5 39. Re5 Bd4 40. Re2 Bc5 41. h4 g6 42. Re5 Bd4 43. Rb5 Bc3 1/2-1/2

[Event "RA-2017-0-00503"]
[Site "LSS email"]
[Date "2017.02.14"]
[Round "?"]
[White "Sciarretta, Robert W"]
[Black "Koehler, Josef"]
[Result "1/2-1/2"]
[WhiteElo "2200"]
[BlackElo "2050"]
[PlyCount "85"]
[EventDate "2017.01.20"]
[EventType "tourn (corr)"]
[EventRounds "6"]
[EventCountry "GER"]
[SourceTitle "Corr 2022"]
[Source "ChessBase"]
[SourceDate "2021.10.24"]
[SourceVersion "1"]
[SourceVersionDate "2021.10.24"]
[SourceQuality "1"]

1. d4 Nf6 2. c4 e6 3. Nc3 Bb4 4. e3 0-0 5. Bd3 d5 6. Nf3 c5 7. 0-0 dxc4 8. Bxc4 Nbd7 9. a3 cxd4 10. axb4 dxc3 11. bxc3 Qc7 12. Qb3 Nb6 13. Be2 e5 14. Bb2 Bg4 15. Qc2 e4 16. Nd4 Bxe2 17. Qxe2 a6 18. Ra5 Qc4 19. Qc2 Rac8 20. b5 Qd5 21. Raa1 axb5 22. Rfb1 Rfd8 23. Bc1 Qd7 24. Rxb5 Nc4 25. Ra7 Rc7 26. h3 h6 27. Ba3 Rdc8 28. Qb3 b6 29. Rxc7 Rxc7 30. Bb4 Kh7 31. Qa2 Qd8 32. Qa1 g6 33. Qa2 Nd5 34. Qb3 Qd7 35. Ba3 Rc8 36. Bb4 f5 37. Ba3 Kg8 38. Bb4 Kh7 39. Ba3 Rc7 40. Bb2 Kg7 41. Ba3 Kh8 42. Ne2 Kg8 43. Nd4 1/2-1/2

[Event "SA-2017-0-00562"]
[Site "LSS email"]
[Date "2017.01.31"]
[Round "?"]
[White "Koehler, Josef"]
[Black "Koch, Christian"]
[Result "1-0"]
[WhiteElo "2042"]
[BlackElo "2260"]
[PlyCount "115"]
[EventDate "2017.01.01"]
[EventType "tourn (corr)"]
[EventRounds "6"]
[EventCountry "GER"]
[SourceTitle "Corr 2022"]
[Source "ChessBase"]
[SourceDate "2021.10.24"]
[SourceVersion "1"]
[SourceVersionDate "2021.10.24"]
[SourceQuality "1"]

1. Nf3 Nf6 2. g3 d5 3. Bg2 g6 4. c4 dxc4 5. Qa4+ c6 6. Qxc4 Bg7 7. 0-0 0-0 8. d4 Bf5 9. Nc3 Nbd7 10. e3 e5 11. Nxe5 Nxe5 12. dxe5 Ng4 13. f4 Bd3 14. Qb3 Bxf1 15. Bxf1 Qc7 16. Be2 h5 17. Ne4 Rad8 18. Kg2 a5 19. a4 Nxe5 20. fxe5 Qxe5 21. Nf2 Qc5 22. h4 Rd7 23. e4 Re8 24. Bc4 Bd4 25. Nd3 Qf8 26. Qc2 Kg7 27. Qd2 Kg8 28. Qe2 Rde7 29. Nf2 Bxf2 30. Qxf2 Rxe4 31. b3 Rxc4 32. bxc4 Qb4 33. Bb2 Qxc4 34. Qd4 Qxd4 35. Bxd4 Rd8 36. Bf6 Rd6 37. Bc3 Rd5 38. Rb1 Rc5 39. Bf6 Rf5 40. Ba1 b5 41. Rc1 bxa4 42. Rxc6 Kh7 43. Rc4 a3 44. Ra4 f6 45. Bd4 g5 46. Bc3 gxh4 47. gxh4 a2 48. Kg3 Kg6 49. Rxa2 Rd5 50. Rf2 Rd6 51. Bxa5 Rc6 52. Rf3 Rc4 53. Rf4 Rc6 54. Be1 Rc2 55. Bf2 Rc3+ 56. Kg2 Ra3 57. Kf1 Ra6 58. Ke2 1-0

[Event "SA-2017-0-00562"]
[Site "LSS email"]
[Date "2017.01.31"]
[Round "?"]
[White "Koehler, Josef"]
[Black "Vodicka, Milan"]
[Result "1/2-1/2"]
[WhiteElo "2042"]
[BlackElo "2128"]
[PlyCount "50"]
[EventDate "2017.01.01"]
[EventType "tourn (corr)"]
[EventRounds "6"]
[EventCountry "GER"]
[SourceTitle "Corr 2022"]
[Source "ChessBase"]
[SourceDate "2021.10.24"]
[SourceVersion "1"]
[SourceVersionDate "2021.10.24"]
[SourceQuality "1"]

1. Nf3 Nf6 2. g3 g6 3. Bg2 Bg7 4. c4 c5 5. d4 Qa5+ 6. Nc3 cxd4 7. Nxd4 Nc6 8. e3 0-0 9. 0-0 d6 10. Bd2 Qb6 11. Na4 Qc7 12. Nxc6 bxc6 13. b3 Bg4 14. Qe1 Rae8 15. Bc3 c5 16. Qd2 Bd7 17. Qc2 h5 18. Rae1 h4 19. gxh4 Qc8 20. Nb2 Kh7 21. f3 Rh8 22. e4 Kg8 23. Qf2 Bc6 24. Nd3 Nh5 25. Bxg7 Nxg7 1/2-1/2

[Event "RB-2017-0-00332"]
[Site "LSS email"]
[Date "2017.01.11"]
[Round "?"]
[White "Koehler, Josef"]
[Black "Hatsek, Werner"]
[Result "1/2-1/2"]
[WhiteElo "2069"]
[BlackElo "2003"]
[PlyCount "66"]
[EventDate "2016.11.15"]
[EventType "tourn (corr)"]
[EventRounds "6"]
[EventCountry "GER"]
[SourceTitle "Corr 2022"]
[Source "ChessBase"]
[SourceDate "2021.10.24"]
[SourceVersion "1"]
[SourceVersionDate "2021.10.24"]
[SourceQuality "1"]

1. Nf3 d5 2. g3 Bg4 3. Bg2 c6 4. 0-0 Nd7 5. d3 Ngf6 6. Nbd2 e5 7. e4 Be7 8. exd5 Nxd5 9. Nc4 f6 10. Re1 0-0 11. d4 b5 12. Ncd2 Bh5 13. c4 bxc4 14. Nxc4 exd4 15. Qxd4 Bc5 16. Qh4 Bxf3 17. Bxf3 Ne5 18. Be4 g6 19. b3 Qd7 20. Ba3 Bxa3 21. Nxa3 Nc3 22. Bg2 Rad8 23. Nc4 Nd3 24. Re3 Rfe8 25. Bf1 Rxe3 26. Nxe3 Qd4 27. Qxd4 Rxd4 28. Nc4 c5 29. Na5 Ne5 30. Rc1 Ne4 31. Nc4 Nxc4 32. Bxc4+ Kf8 33. Rc2 Rd2 1/2-1/2